Los milagros ante la ciencia

Gorde:
Xehetasun bibliografikoak
Egile nagusia: Maraldi, Hugo (autor)
Formatua: Liburua
Hizkuntza:gaztelania
Argitaratua: Bogotá Paulinas 1963
Saila:Alfa y Omega, 13
Gaiak:
Etiketak: Etiketa erantsi
Etiketarik gabe, Izan zaitez lehena erregistro honi etiketa jartzen!

MARC

LEADER 00000nam a2200000 a 4500
001 UCL6648
003 CL-VaPUC
008 040416e19630000ck |||||||||||||||||spa|d
082 0 4 |a 231.73  |b MAR  |2 21 
100 |a Maraldi, Hugo  |e autor  |9 484272 
245 1 4 |a Los milagros ante la ciencia 
300 |a 197 p 
942 |c BK 
945 |d 20040416 00:00:00  |a cmena 
260 |a Bogotá  |b Paulinas  |c 1963 
650 7 |a MILAGROS  |2 CL-VaPUC  |9 334044 
650 0 |a Teología   |9 258766 
650 0 |a Creencia Religiosa  |9 316904 
650 0 |a Investigación científica  |9 259857 
583 |a last modification  |c 20171204 12:56:06  |k Rodrigo Vera 
490 0 |a Alfa y Omega, 13 
999 |c 308639  |d 308637 
952 |0 0  |1 0  |4 0  |6 231_730000000000000_MAR_1963  |7 0  |8 A  |9 375312  |a BIBTEO  |b BIBTEO  |d 2019-11-21  |i 2111187  |o 231.73 MAR 1963  |p 2111187  |r 2025-01-17  |w 2019-11-21  |y BK  |k ICR